| 000 | 00760nam a2200229 a 4500 | ||
|---|---|---|---|
| 005 | 20250924063859.0 | ||
| 008 | 120810s2012 mx r 000 0 spa d | ||
| 020 | _a9788496028999 | ||
| 035 | _aUPN01000186090 | ||
| 049 | _aCG | ||
| 050 | 4 |
_aHQ799.2 I5 _bF8.4 |
|
| 100 | 1 |
_aFumero, Antonio _937006 |
|
| 245 | 1 | 0 |
_aJóvenes e infotecnologías : _bentre nativ@ y digitales / _cAntonio Fumero, Óscar Espiritusanto. |
| 260 |
_aMadrid : _bINJUVE, _c2012. |
||
| 300 |
_a73 p. : _bil. gráfs. |
||
| 440 | 0 | _aEstudios | |
| 650 | 4 |
_aInternet y juventud _923834 |
|
| 650 | 4 |
_aSOCIEDAD DE LA INFORMACION - _xASPECTOS SOCIALES _923832 |
|
| 650 | 4 |
_aTecnologías de la información y comunicación _921219 |
|
| 700 | 1 |
_aEspiritusanto, Oscar, _ecoaut. |
|
| 905 | _aLibro | ||
| 999 |
_c158193 _d158193 |
||